|
|
|
|
| LEADER |
00673nam a2200253 a 4500 |
| 001 |
adlib96000001 |
| 003 |
ViArRB |
| 005 |
20151026132023.0 |
| 008 |
960221s1955 dcuabcdjdbkoqu001 0deng d |
| 020 |
|
|
|
| 022 |
|
|
|
| 040 |
|
|
|a Adlib
|
| 082 |
|
|
|a 576.8
|
| 245 |
|
|
|a Microbial composition : carbohydrates, lipids and minerals
|
| 250 |
|
|
|
| 260 |
|
|
|
| 300 |
|
|
|
| 500 |
|
|
|a Department of Applied Chemistry
|
| 100 |
|
|
|a Laskin
|e ed. by
|
| 700 |
|
|
|a Lechevalier
|
| 942 |
|
|
|c BK
|6 _
|
| 653 |
|
|
|a Microbiology
|a Biotechnology
|a Biology
|
| 999 |
|
|
|c 40209
|d 40209
|
| 952 |
|
|
|0 0
|1 0
|4 0
|6 5768_LAS
|7 0
|9 52119
|a UL
|b UL
|d 2010-06-16
|o 576.8 LAS
|p CHE01437
|r 2010-06-16
|w 2010-06-16
|y BK
|